00861nam a2200205 a 4500008004100000020001500041050001500056100002200071245010100093260004500194300002000239350000900259650003900268650004400307650001800351700002000369995011800389999001700507952013100524100930s1990 xx |||||||||||||| || u a0935018506 aTS 875 Suc aWoodson, George E10aFiberboard manufacturing practices in the United Statescby Otto Suchsland and George E. Woodson abForest Products Research Societyc1990 aiv, 263p.: ill. a0.00 aFIBERBOARD INDUSTRY--UNITED STATES aFIBERBOARD--MANUFACTURES--UNITED STATES aMANUFACTURING aSuchsland, Otto D0.00FCBU-MAIN LIBRARY (Kitwe)H1I0.00M1ULOSTVMar 11, 2013WOct 11, 2010ZMain Library Open Access Collection c43231d43231 00102lcc4070a001b001cMain Library Open Access Collectiond2022-11-30l0oTS 875 Sucp741754r2022-11-30w2022-11-30y002